<?xml version="1.0" encoding="UTF-8"?>
<marc:record xmlns:marc="http://www.loc.gov/MARC21/slim">
   <marc:leader>00000nam a2200000 a 4500</marc:leader>
   <marc:datafield ind1="1" ind2=" " tag="100">
      <marc:subfield code="a">de la Motte, Andreas</marc:subfield>
      <marc:subfield code="4">aut</marc:subfield>
      <marc:subfield code="e">Verfasser/-in</marc:subfield>
   </marc:datafield>
   <marc:datafield ind1=" " ind2=" " tag="653">
      <marc:subfield code="a">Krimi</marc:subfield>
   </marc:datafield>
   <marc:datafield ind1=" " ind2=" " tag="653">
      <marc:subfield code="a">Norwegen</marc:subfield>
   </marc:datafield>
   <marc:datafield ind1="0" ind2="0" tag="245">
      <marc:subfield code="a">Sommernachtstod</marc:subfield>
   </marc:datafield>
   <marc:datafield ind1=" " ind2="1" tag="264">
      <marc:subfield code="b">Rowohlt Taschenbuch Verl.</marc:subfield>
      <marc:subfield code="c">2019</marc:subfield>
   </marc:datafield>
   <marc:datafield ind1="1" ind2=" " tag="520">
      <marc:subfield code="a">In einer hellen Sommernacht geschieht am Oslofjord ein grausamer Mord. Eine Frauenleiche wird nackt im Straßengraben gefunden. Der kauzige Kommissar Gunnarstranda und sein gutmütiger Kollege Frolich stehen vor mehr als einem Rätsel. Die Verdächtigen sind zahlreich und die Beweislage schwach. Als plötzlich ein weiterer Mord geschieht, ist Eile geboten ... Norwegens Lieblingskommissare Gunnarstranda und Frolich ermitteln.</marc:subfield>
   </marc:datafield>
   <marc:datafield ind1=" " ind2=" " tag="020">
      <marc:subfield code="a">9783426306246</marc:subfield>
      <marc:subfield code="9">9783426306246</marc:subfield>
   </marc:datafield>
</marc:record>
